000 00480nam a22001817a 4500
005 20150818112427.0
010 _aENG-113495
020 _c150.00
_a9789350571064
035 _aEN-97027
037 _bDBAD/PUB
082 _aS
245 _aGreatest Sherlock Holmes stories-3
260 _aNew Delhi
_bV&S Publishers
_c2015
270 _aF-216, Ansari Road, Daryaganj
_bNew Delhi
_e110002
300 _a174p.
_c22cm(pbk)
490 _aClassic series
942 _2ddc
_cEN
_mGRE
_hS
999 _c96128
_d96128